| 000 | 01172nam a22002777a 4500 | ||
|---|---|---|---|
| 999 |
_c3879 _d3879 |
||
| 003 | AR-CdUCM | ||
| 008 | 190307b ||||| |||| 00| 0 spa d | ||
| 020 | _a987-43-7667-8 | ||
| 040 |
_aMUNICIPALIDAD PROVINCIAL DEL CUSCO _cBIBLIOTECA MUNICIPAL DEL CUSCO |
||
| 082 |
_a380.1 / _bM19 |
||
| 100 |
_aMalfitano Cayuela, Oscar _912463 |
||
| 245 |
_aMarketing de ciudades : _bmetodología y casos prácticos / |
||
| 260 |
_aBuenos Aires : _bAltagerencia internacional, _c2007. |
||
| 300 |
_a312 páginas ; _bilustraciones ; _c21 cm. |
||
| 505 | _aContenido: El marketing y su relación con las ciudades -- El direccionamiento estratégico del marketing de ciudades -- Metodología general para desarrollar un plan de marketing de ciudades -- Casos reales de marketing -- El caso de acapulco-México -- El caso de Cusco-Perú ... | ||
| 650 |
_aMarketing _912422 |
||
| 650 |
_aMrketing-ciudades _912464 |
||
| 700 |
_aBaldo, Luis _912465 |
||
| 700 |
_aGregorio, Jose _912466 |
||
| 700 |
_aHerrera , Juan _912467 |
||
| 700 |
_aHuaman Naula, Hermelinda _912468 |
||
| 700 |
_aRamirez, Estela _912469 |
||
| 700 |
_aRufas, Francesc _912470 |
||
| 942 |
_2ddc _cLIBROS |
||
| 945 | _azta | ||